Modelos y metáforas

সংরক্ষণ করুন:
গ্রন্থ-পঞ্জীর বিবরন
প্রধান লেখক: Black, Max (Author)
বিন্যাস: গ্রন্থ
ভাষা:স্প্যানিশ
প্রকাশিত: Madrid Tecnos 1966
বিষয়গুলি:
ট্যাগগুলো: ট্যাগ যুক্ত করুন
কোনো ট্যাগ নেই, প্রথমজন হিসাবে ট্যাগ করুন!

MARC

LEADER 00000nam a2200000 a 4500
001 UCJ9186
003 CL-VaPUC
008 070309e19660000SP |||||||||||||||||spa|d
082 0 4 |a 401  |b BLA  |2 21 
100 0 |a Black, Max  |e author  |9 519099 
245 1 0 |a Modelos y metáforas 
300 |a 257 p 
942 |c BK 
945 |d 20070309 00:00:00  |a jtorresc 
260 |a Madrid  |b Tecnos  |c 1966 
500 |a Donación del Dr. Luis Gómez Macker  
650 0 |a Filosofía del lenguaje  |9 257082 
650 0 |a Lógica  |9 256849 
650 0 |a Filosofía de las ciencias  |9 256466 
650 0 |a Análisis lingüístico  |9 314711 
650 0 |a Filosofía analítica  |9 316758 
650 7 |a RELATIVIDAD LINGUISTICA  |2 CL-VaPUC  |9 519100 
583 |a last modification  |c 20070309 00:00:00  |k Rodrigo Vera 
999 |c 324772  |d 324770 
952 |0 0  |1 0  |4 0  |6 401_000000000000000_BLA_1966  |7 0  |8 A  |9 405132  |a FDOPOS  |b FDOPOS  |d 2019-11-22  |i 4271629  |o 401 BLA 1966  |p 4271629  |r 2025-01-22  |w 2019-11-22  |y BK  |k MLA